Online
Catalog

María Antonieta / (Record no. 18983)

MARC details
000 -CABECERA
campo de control de longitud fija 01023nam a2200265 a 4500
001 - NÚMERO DE CONTROL
campo de control 000019467
005 - FECHA Y HORA DE LA ÚLTIMA TRANSACCIÓN
campo de control 20200929170027.0
008 - DATOS DE LONGITUD FIJA--INFORMACIÓN GENERAL
campo de control de longitud fija 100629s2005 es c 000 0bspa d
020 ## - NÚMERO INTERNACIONAL ESTÁNDAR DEL LIBRO
Número Internacional Estándar del Libro 849764753X
040 ## - FUENTE DE LA CATALOGACIÓN
Centro catalogador/agencia de origen DO-SdBNP
Lengua de catalogación spa
Centro/agencia transcriptor BNPHU
082 ## - NÚMERO DE LA CLASIFICACIÓN DECIMAL DEWEY
Número de clasificación 923.144
Número de documento/Ítem xxxx
049 ## - FONDOS LOCALES (OCLC)
Fondos de biblioteca BNPD
100 1# - ENTRADA PRINCIPAL--NOMBRE DE PERSONA
Nombre de persona Muñoz Muñoz, Francisca
9 (RLIN) 41813
245 10 - MENCIÓN DE TÍTULO
Título María Antonieta /
Mención de responsabilidad, etc. Francisca Muñoz Muñoz ; coordinador general Felipe Sen ; coordinador de colección Mar de Ventura Fernández.
260 ## - PUBLICACIÓN, DISTRIBUCIÓN, ETC.
Lugar de publicación, distribución, etc. Madrid :
Nombre del editor, distribuidor, etc. Edimat,
Fecha de publicación, distribución, etc. 2005.
300 ## - DESCRIPCIÓN FÍSICA
Extensión 191 p. :
Otras características físicas retrs. ;
Dimensiones 22 cm.
490 1# - MENCIÓN DE SERIE
Mención de serie Mujeres en la historia
500 ## - NOTA GENERAL
Nota general Incluye datos biográficos de la autora en el chaleco
504 ## - NOTA DE BIBLIOGRAFÍA, ETC.
Nota de bibliografía, etc. Incluye notas biográficas al pie de las páginas
504 ## - NOTA DE BIBLIOGRAFÍA, ETC.
Nota de bibliografía, etc. Incluye bibliografías (p. 191)
600 14 - PUNTO DE ACCESO ADICIONAL DE MATERIA--NOMBRE DE PERSONA
Nombre de persona MARÍA ANTONIETA,
Títulos y otros términos asociados al nombre REINA CONSORTE DE LUIS XVI, REY DE FRANCIA,
Fechas asociadas al nombre 1755-1793
9 (RLIN) 41814
700 1# - PUNTO DE ACCESO ADICIONAL--NOMBRE DE PERSONA
Nombre de persona Sen, Felipe,
Término indicativo de función/relación coord.
9 (RLIN) 41707
700 1# - PUNTO DE ACCESO ADICIONAL--NOMBRE DE PERSONA
Nombre de persona Ventura Fernández, Mar de,
Término indicativo de función/relación coord.
9 (RLIN) 41759
830 #0 - PUNTO DE ACCESO ADICIONAL DE SERIE-TÍTULO UNIFORME
Título uniforme Mujeres en la historia
9 (RLIN) 41760
Holdings
Estado de retiro Estado de pérdida Restricciones de uso No para préstamo Código de colección Localización permanente Ubicación/localización actual Ubicación en estantería Fecha de adquisición Número de inventario Total de préstamos Signatura topográfica completa Código de barras Fecha visto por última vez Precio válido a partir de Tipo de ítem Koha
        Monografías: Libros y Folletos R R En catalogación 29.06.2010 LF1   923.144 xxxx 19467-10 25.06.2020 25.06.2020 Préstamo en sala

Powered by Koha